[Event "Gibraltar Challengers A 2020"]
[Site "Caleta"]
[Date "2020.01.24"]
[Round "5.6"]
[White "Zulkipli, Zaidan"]
[Black "Ruperez, Miguel"]
[Result "1-0"]
[WhiteElo "2174"]
[BlackElo "2126"]
[Annotator "TA"]
[PlyCount "147"]
[EventDate "2020.01.20"]
[EventType "swiss"]
[EventCountry "GGB"]
[SourceTitle "playchess.com"]
[Source "ChessBase"]
[SourceQuality "1"]

{[%evp 17,147,0,7,13,8,8,10,-12,40,0,0,0,0,-11,-6,-7,-14,-4,2,-4,0,-4,-10,-56,-31,-34,-31,-34,-27,-93,-86,-92,-87,-87,-74,-101,-72,-80,-57,-79,-75,-95,-83,-86,-77,-75,-72,-76,-70,-78,-78,-77,-72,-76,0,-72,0,0,0,0,0,0,0,0,0,0,31,0,0,0,0,0,0,-6,0,0,0,0,0,0,472,465,445,430,435,404,302,53,56,64,70,70,167,167,584,580,569,569,569,569,554,536,495,488,775,698,554,533,817,764,1225,1193,1231,1205,1145,1169,876,859,29977,29978,29984,29985,29985,29986,29986,29987,29987,29988,29988,29987,29987,29987]} 1. d4 Nf6 2. c4 e6 3. g3 Bb4+ 4. Bd2 a5 5. Bg2 d6 6. Nf3 Nbd7 7. O-O e5 8. Bg5 exd4 9. Nxd4 O-O 10. a3 {E11: Bogo-Indian} Bc5 11. Nc3 h6 12. Bf4 {The position is equal.} Ne5 ({Black should play} 12... a4 $11) 13. Bxe5 $146 ({Predecessor:} 13. b3 Ng6 14. Bc1 Re8 15. Bb2 c6 16. Qd2 Ne5 17. Rac1 Bg4 {0-1 (43) Goryachkina,A (2423)-Zhao,X (2552) Khanty-Mansiysk 2014}) 13... dxe5 14. Nb3 Be7 15. Qxd8 Rxd8 16. Nd5 Nxd5 17. cxd5 Bg4 18. Rfe1 a4 $36 {[%mdl 2048] Black fights for an advantage.} 19. Nd2 {[#]} c6 $1 {[%mdl 512]} 20. e4 (20. dxc6 Rxd2) 20... b5 21. Nf1 c5 22. Ne3 Bd7 23. f4 (23. Bf3 $11 {remains equal.}) 23... Bd6 $17 24. f5 Rdc8 25. Rec1 Kf8 26. Bf1 Ke8 27. Kf2 Rc7 28. Rc2 Rac8 29. Rac1 c4 30. Nd1 Be7 31. Be2 g6 32. g4 Bg5 33. Ra1 Ke7 34. Nc3 Kd6 35. Rf1 h5 (35... Rb7 $17) 36. h3 (36. gxh5 $11 {keeps the balance.} gxh5 37. Rh1) 36... Re8 (36... h4 $17) 37. gxh5 $11 gxf5 38. exf5 e4 39. Bg4 f6 40. Re2 e3+ 41. Kf3 Ke5 42. Rxe3+ (42. h4 $5 {[%cal Rh4g5]} Bh6 43. Rxe3+ Bxe3 44. Kxe3 $11) 42... Bxe3 43. Kxe3 Rb7 {With the idea ...b4.} 44. Rf4 b4 45. axb4 {[#] Hoping for Re4+.} Rxb4 46. Re4+ Kd6 47. Rxe8 Bxe8 {[%mdl 4096] Endgame KRB-KBN} 48. h6 Bf7 $2 {[%mdl 8192]} (48... Rb7 $11) 49. h7 $18 Rb8 50. Kd4 Ke7 51. Ne4 {Black must now prevent d6+.} Rh8 52. Kxc4 $2 (52. d6+ $18 Kd7 53. Bd1) 52... Rxh7 $14 {Black wants to play ...Rh8.} 53. Kc5 {d6+ is the strong threat.} Be8 $1 54. d6+ Kf7 ({Black should try} 54... Kd8 $1 $14 55. Nxf6 Rb7) 55. Kb6 $18 Bd7 $2 (55... Kg7 56. Kc7 Kh6+ 57. Kd8 Bc6) 56. Kc7 Bb5 57. d7 Bxd7 58. Kxd7 Kf8+ 59. Kc6 Ra7 60. Kb6 Rd7 (60... Ra8 $142 61. Nxf6 Rb8+ 62. Ka5 Rxb2 63. Kxa4 Rb1 64. Nd7+ Kf7) 61. Nc5 Rd6+ 62. Kb5 Rd5 63. Kc4 Rd2 64. Nxa4 Ke7 65. b4 {[%cal Bb2b4,Bb4b5,Bb5b6,Bb6b7][%mdl 32]} Kd6 66. b5 Ra2 67. Kb4 Kc7 68. b6+ {White mates.} Kb7 69. Kb5 Ra1 70. Nc5+ Kc8 71. Kc6 Rb1 72. b7+ Kd8 73. Na6 Rc1+ 74. Kd6 {Played: Kc6-d5} 1-0

[Event "Gibraltar Challengers A 2020"]
[Site "Caleta"]
[Date "2020.01.24"]
[Round "5.7"]
[White "Dolzhikova, Olga"]
[Black "Hristodorescu, Daniel"]
[Result "0-1"]
[WhiteElo "2123"]
[BlackElo "2172"]
[Annotator "TA"]
[PlyCount "48"]
[EventDate "2020.01.20"]
[EventType "swiss"]
[EventCountry "GGB"]
[SourceTitle "playchess.com"]
[Source "ChessBase"]
[SourceQuality "1"]

{[%evp 14,126,16,11,26,17,31,13,67,-54,-14,-41,-39,-48,29,20,42,34,57,-46,-43,-118,-121,-142,-117,-256,-173,-186,-183,-219,-236,-218,-185,-309,-276,-251,-255,-578,-266,-267,-222,-213,-215,-213,-227,-250,-173,-193,-122,-213,-161,-177,-47,-51,-44,-129,-112,-120,-120,-319,9,-121,-124,-112,-117,-109,-119,-170,-130,-139,-126,-153,-41,-173,-164,-279,-234,-263,-277,-233,-49,-58,-102,-144,-148,-179,-29,-248,-209,-588,-543,-6091,-5917,-6087,-5724,-5093,-4822,-4606,-2072,-29962,-29964,-29969,-5202,-29970,-29971,-29971,-29972,-29974,-29970,-29972,-29973,-29973,-29973,-29971,-29973]} 1. e4 e5 2. Nf3 Nc6 3. Bc4 Bc5 4. c3 Nf6 5. d3 d6 6. h3 O-O 7. Bb3 a6 8. Nbd2 Nh5 {C54: Giuoco Piano: 4 c3 Nf6, main lines with 5 d4 and 5 d3} 9. Nf1 Ba7 (9... Nf4 10. Bxf4 exf4 11. N1d2 Kh8 12. d4 Ba7 13. O-O f5 14. Re1 g5 15. exf5 Bxf5 16. Bc2 {1-0 (25) Wang,H (2756)-Motylev,A (2640) Moscow 2019}) 10. Bg5 Qe8 (10... Qd7 $11) 11. Qd2 ({White should play} 11. Ne3 $14) 11... Be6 12. g4 Bxb3 13. axb3 Nf4 $146 (13... f6 $1 $15 14. Be3 Nf4) ({Predecessor:} 13... f6 14. Be3 Nf4 15. Bxf4 exf4 16. O-O-O Na5 17. Qxf4 Nxb3+ {0-1 (40) Klinova,M (2384)-Jackova,J (2386) Gothenburg 2005}) 14. Bxf4 $11 exf4 15. Qxf4 Ne5 {[%cal Bc6e5,Be5d7,Bd7c5,Bc5e4][%mdl 32]} 16. Ke2 (16. O-O-O $14) 16... Qb5 $36 {[%mdl 2112] Double Attack. Black is pushing.} 17. Ne1 (17. Qd2 $15) 17... Qxb3 $17 18. Qd2 d5 ({But not} 18... Qb6 $6 19. Ne3 $11) 19. f4 (19. Qc2 $17 Qb5 20. exd5) 19... Nd7 20. Qc2 Qb6 21. Kf3 dxe4+ 22. dxe4 Rfe8 23. Rh2 (23. Ng3 {might work better.}) 23... Nc5 $19 24. Re2 {[#]} Rxe4 {Played: Nc5xe4} 0-1

[Event "Gibraltar Challengers A 2020"]
[Site "Caleta"]
[Date "2020.01.24"]
[Round "5.8"]
[White "Raghav, Srivathsav V"]
[Black "Nebel, Jens"]
[Result "0-1"]
[WhiteElo "2023"]
[BlackElo "2168"]
[Annotator "TA"]
[PlyCount "74"]
[EventDate "2020.01.20"]
[EventType "swiss"]
[EventCountry "GGB"]
[SourceTitle "playchess.com"]
[Source "ChessBase"]
[SourceQuality "1"]

{[%evp 9,74,-33,-12,-48,-55,-59,-49,-69,-67,-71,-74,-72,-64,-70,-49,-43,-46,-39,-39,-42,-46,-75,-84,-84,-66,-74,-47,-144,-158,-155,-149,-152,-110,-140,-84,-162,-155,-279,-279,-279,-279,-259,-264,-279,-234,-375,-470,-606,-479,-570,-448,-722,-723,-29982,-29984,-29984,-29985,-29985,-29986,-29997,-29989,-29989,-29973,-29996,-29997,-29997,-29998]} 1. b3 e5 2. Bb2 Nc6 3. g3 h5 (3... g6 4. Bg2 Bg7 5. Nf3 f5 6. O-O d6 7. c4 Nf6 8. e3 e4 9. Ne1 O-O 10. d3 Qe7 11. Nd2 {1-0 (70) Grigoryan,K (2608)-Moussard,J (2608) chess24.com INT 2019}) 4. Bg2 d5 5. h4 $146 ({Predecessor:} 5. Nf3 e4 6. Nd4 Nxd4 7. Bxd4 h4 8. d3 Bf5 9. O-O Qc8 10. dxe4 Bxe4 11. f3 Bg6 12. c4 dxc4 13. bxc4 {0-1 (65) Coope,D (1935)-Mueller Toepler,M (1971) ICCF email 2016}) 5... Nf6 6. c4 {A01: Nimzowitsch-Larsen Opening} d4 7. d3 Bf5 8. Nd2 {Black is slightly better.} Be7 9. a3 a5 10. Ngf3 Qd7 11. O-O Bh3 12. b4 {Strongly threatening b5.} Bxg2 ({Of course not} 12... axb4 $6 13. Bxh3 Qxh3 14. axb4 $11) 13. Kxg2 {Black must now prevent b5.} Ng4 14. b5 Nd8 {[%cal Bc6d8,Bd8e6,Be6c5][%mdl 32]} 15. Ne4 Ne6 16. Bc1 b6 17. a4 O-O-O (17... f6 {is more complex.} 18. Qb3 O-O-O 19. Kg1 Kb8 20. Ba3 f5) 18. Ba3 {[#]} (18. Nfg5 $15 Nxg5 19. Nxg5) 18... Bxa3 $1 $17 19. Rxa3 {[#]} f5 $1 {[%cal Rf5e4]} 20. Neg5 Nc5 21. Nh2 Nh6 (21... e4 $142 22. Nxg4 hxg4) 22. f4 (22. Nhf3 $17 Ng4 23. Qc2) 22... e4 $19 23. dxe4 (23. Qd2 $17 {is a better defense.}) 23... fxe4 24. Re1 Nf5 25. Nf1 Qe7 26. Qc1 Rhe8 27. Qa1 (27. Rd1 {keeps fighting.}) 27... e3 28. Nf3 Ne4 29. Qc1 Nf2 30. Ne5 (30. c5 $142 bxc5 31. Kg1) 30... Qe6 {( -> ...Nxh4+!)} 31. Nf3 {[#]} Nxh4+ $1 {[%mdl 512] Black mates.} 32. Nxh4 Qh3+ 33. Kf3 {[#]} g5 $1 {[%csl Gf2,Gh3,Gh5][%cal Rg5g4][%mdl 512]} 34. Nxe3 (34. fxg5 Rf8+) 34... dxe3 35. Rxe3 gxh4 {[%csl Gh4][%cal Rh3g3]} 36. Kxf2 Qh2+ 37. Kf1 h3 {Accuracy: White = 36%, Black = 80%.} 0-1

[Event "Gibraltar Challengers A 2020"]
[Site "Caleta"]
[Date "2020.01.24"]
[Round "5.9"]
[White "Kandic, Milan"]
[Black "Bengherabi, Khalil"]
[Result "0-1"]
[WhiteElo "2132"]
[BlackElo "2106"]
[Annotator "TA"]
[PlyCount "40"]
[EventDate "2020.01.20"]
[EventType "swiss"]
[EventCountry "GGB"]
[SourceTitle "playchess.com"]
[Source "ChessBase"]
[SourceQuality "1"]

{[%evp 21,40,17,13,4,48,42,78,-31,-40,-88,-73,-89,-83,-95,-100,-237,-230,-216,-217,-1539,-1450]} 1. e4 c5 2. Nf3 Nc6 3. Nc3 g6 4. d4 cxd4 5. Nxd4 Bg7 6. Be3 Nf6 7. Bc4 O-O 8. Bb3 d6 9. f3 Bd7 10. Qd2 Nxd4 11. Bxd4 b5 12. h4 {B77: Sicilian Dragon: Yugoslav Attack, 9 Bc4 sidelines} e6 {[#]} (12... a5 13. a4 bxa4 14. Bxa4 h5 15. Bb3 Bc6 16. O-O Qb8 17. Bc4 a4 18. b3 Rc8 19. Rae1 a3 20. f4 Ng4 21. Rd1 {0-1 (31) Fedoseev,V (2683)-Mamedov,R (2650) Hengshui 2019}) 13. h5 $1 {[%mdl 512]} a5 {[%cal Ba7a5,Ba5a4,Ba4b3][%mdl 32] aiming for ...a4.} (13... Nxh5 14. Bxg7) 14. hxg6 (14. a4 $16) 14... a4 $1 $15 15. gxf7+ $146 ({Predecessor:} 15. gxh7+ Kh8 16. Bd5 exd5 17. Nxd5 Nxd5 18. exd5 Qe7+ 19. Kf2 Bxd4+ 20. Qxd4+ Qe5 {0-1 (39) Diez Fraile,M (2136)-Fraga Castro,J (2124) Palma de Mallorca 2002}) 15... Rxf7 16. Nxb5 axb3 17. Nxd6 Rxa2 18. Nxf7 (18. Rc1 $17 Re7 19. cxb3) 18... Rxa1+ $19 19. Kf2 Qa5 ({Not} 19... Kxf7 20. Rxa1 bxc2 21. Be3 $15 (21. Bc5 $2 Nxe4+ {[%mdl 64] Discovered Attack} 22. fxe4 Bxb2 $19)) 20. Bc3 $2 {[#]} (20. Nh6+ Bxh6 21. Qxa5 Rxa5 22. Rxh6 bxc2 23. Rh1) 20... Qc5+ 0-1

[Event "Gibraltar Challengers A 2020"]
[Site "Caleta"]
[Date "2020.01.24"]
[Round "5.11"]
[White "Lopez Gonzalez, Alfonso"]
[Black "Mihajlov, Svetoslav"]
[Result "1/2-1/2"]
[WhiteElo "2199"]
[BlackElo "2173"]
[Annotator "TA"]
[PlyCount "160"]
[EventDate "2020.01.20"]
[EventType "swiss"]
[EventCountry "GGB"]
[SourceTitle "playchess.com"]
[Source "ChessBase"]
[SourceQuality "1"]

{[%evp 10,160,10,-28,14,0,0,0,37,0,67,64,85,99,136,120,124,116,118,87,120,83,75,74,141,43,44,47,77,72,69,76,95,40,61,35,55,41,114,100,204,199,196,195,161,84,178,41,52,54,59,43,52,9,29,0,19,-60,0,-25,0,0,0,0,62,62,64,56,142,56,142,142,142,142,142,142,142,142,156,33,33,33,33,32,61,61,89,61,58,66,57,0,0,0,0,0,0,0,0,0,0,0,0,0,4,4,4,0,0,0,8,8,8,8,8,8,8,8,8,8,8,8,19,8,8,8,8,8,8,8,8,8,8,8,8,8,8,8,8,8,8,8,8,8,8,8,8,8,8,8,8,8,8]} 1. e4 c5 2. Nf3 e6 3. c3 Nf6 4. e5 Nd5 5. d4 cxd4 6. Nxd4 Nc6 {B22: Sicilian: 2 c3} (6... d6 7. exd6 Bxd6 8. Nd2 O-O 9. Nc4 Be7 10. Be2 a6 11. a4 Qc7 12. O-O b6 13. a5 Nd7 14. axb6 N7xb6 {0-1 (32) Baterdene,T (2318)-Agibileg,U (2302) Harbin 2018}) 7. Nxc6 bxc6 8. c4 Nb6 9. Nc3 Qc7 (9... d5 $11) 10. Bf4 $146 ({Predecessor:} 10. f4 d6 11. c5 dxc5 12. Ne4 Nd5 13. Be2 Be7 14. O-O {½-½ (56) Platzek,J-Schubert,S (2035) Kiel 2002}) 10... f6 11. Bd3 $36 {[%mdl 2048] White is in control.} g6 12. Qg4 f5 {[#]} 13. Qg3 $1 Be7 14. Be2 Bb7 15. O-O-O O-O-O 16. h4 Rdf8 (16... h6 $142) 17. Rd6 (17. Bh6 $16) 17... h6 18. Be3 Bxd6 19. exd6 Qd8 20. Qe5 {[%mdl 1024] White has compensation.} Kb8 21. Bd4 (21. f4 $16) 21... Rhg8 22. a4 f4 23. Bd3 Nc8 (23... g5 $1 $14) 24. a5 $16 Rf5 (24... Ka8 $16 {was worth a try.}) 25. Bxf5 $18 gxf5 26. Na4 Ka8 27. b4 ({White should try} 27. Bc3 $18) 27... Qf8 (27... Ba6 $16) 28. Bc5 (28. Nc5 $18) 28... Rxg2 29. Nb2 Ba6 30. Kb1 f3 31. Re1 Rg4 32. Qc3 Rxh4 33. Ka2 (33. Rc1 $11) 33... Re4 (33... Qg8 $15) 34. Kb3 h5 {Threatens to win with ...Rxe1.} ({But not} 34... Nxd6 $2 35. Rd1 $18) 35. Rxe4 $1 fxe4 36. Qe5 Qh6 (36... e3 $11 37. Bxe3 Qxd6 38. Qxh5 e5) 37. Qxe4 $14 {aiming for b5.} Bb7 $1 38. Qxf3 e5 (38... Qg6 $14) 39. Qh3 (39. Qf5 $16 Nxd6 40. Qxd7) 39... Nxd6 (39... Qh7 $14) 40. Qxd7 $16 Nc8 41. Qe8 h4 {Black wants to play ...h3.} 42. Qxe5 h3 {Strongly threatening ...h2.} 43. Be3 Qd6 44. Bf4 ({White should play} 44. Qh5 $16) 44... Qxe5 $14 45. Bxe5 {[%mdl 4096] Endgame KBN-KBN} Ne7 46. Nd3 Bc8 47. Kc3 Bf5 48. Nc5 Ng6 49. Bg3 Nh4 50. b5 ({Better is} 50. Nb3 $14) 50... cxb5 $11 {The position is equal.} 51. cxb5 Nf3 52. b6 axb6 53. axb6 {b7+ would kill now.} Bc8 54. Kc4 h2 55. Bxh2 Nxh2 56. Kd5 Nf3 57. Kc6 Kb8 58. b7 {[#]} Bxb7+ $1 {[%mdl 512]} 59. Nxb7 {KN-KN} Kc8 60. Nc5 Kd8 61. Kd6 Ke8 62. Ke6 Kf8 63. Kf6 Nd2 64. Ne6+ Ke8 65. Ng5 Kf8 66. f4 {next f5 is good for White.} Nc4 67. Ke6 {Black must now prevent f5.} Ne3 68. Nf3 Ke8 69. Nh4 Kf8 70. Ke5 Kf7 71. Ke4 Nc4 72. Kd4 Nd6 73. Kd5 Nb5 74. Ke5 Ke7 75. Nf5+ Kf8 76. Kf6 Nc3 77. Ne3 Ne2 78. f5 Ng3 79. Nd5 Nxf5 80. Kxf5 Ke8 {Accuracy: White = 52%, Black = 59%.} 1/2-1/2

[Event "Gibraltar Challengers A 2020"]
[Site "Caleta"]
[Date "2020.01.24"]
[Round "5.12"]
[White "Ankitha Goud Palle"]
[Black "Voiteanu, Gabriel"]
[Result "1/2-1/2"]
[WhiteElo "1761"]
[BlackElo "2133"]
[Annotator "TA"]
[PlyCount "92"]
[EventDate "2020.01.20"]
[EventType "swiss"]
[EventCountry "GGB"]
[SourceTitle "playchess.com"]
[Source "ChessBase"]
[SourceQuality "1"]

{[%evp 11,92,-5,17,-9,-8,-7,0,-2,-3,-1,0,0,10,-23,-25,-16,-10,-11,-15,-16,-10,-10,-13,-20,-23,-35,-10,-47,-29,-37,-24,-27,-33,-80,-83,-81,-22,-46,-24,-60,-24,-21,0,0,0,0,0,0,0,0,0,0,15,12,60,0,3,0,0,0,0,0,0,0,0,0,0,0,0,0,0,0,0,0,0,0,0,0,0,0,0,0,0]} 1. Nf3 d5 2. c4 e6 3. g3 dxc4 4. Qa4+ Nd7 5. Bg2 a6 6. Qxc4 b5 7. Qf4 {A13: English Opening: 1...e6} Rb8 8. Ne5 $146 ({Predecessor:} 8. O-O Bb7 9. d4 Ngf6 10. Rd1 Be7 11. Bd2 O-O 12. Ba5 Rc8 13. Nbd2 Qe8 14. Nb3 c5 15. dxc5 Nxc5 16. Nxc5 Rxc5 {½-½ (40) Bischoff,K (2510)-Ribli,Z (2610) Baden-Baden 1992}) 8... Nxe5 9. Qxe5 Nf6 10. O-O Bb7 11. Bxb7 Rxb7 12. Qc3 {[#] Strongly threatening Qc6+.} c5 13. a4 Be7 14. axb5 axb5 15. Qf3 Nd5 16. Nc3 O-O 17. d3 Qd7 18. Bd2 f5 19. Ra5 Nb4 20. Rc1 Bf6 21. Be3 Rc8 22. b3 Nc6 23. Ra6 ({Don't go for} 23. Rxb5 $2 Rxb5 24. Nxb5 Ne5 $19) 23... Bd4 (23... Rbc7 $17 {Hoping for ...Nd4.} 24. Na2 {[#]} c4 $1 {[%mdl 512]} 25. bxc4 bxc4) 24. Qg2 Nb4 25. Ra5 Bxe3 (25... h6 {is interesting.} 26. h4 e5 27. Bd2 Rbb8 28. Kh2 Rf8) 26. fxe3 Nd5 27. Nxd5 exd5 28. Qf3 Rbc7 29. Rca1 c4 30. dxc4 dxc4 31. bxc4 Rxc4 32. Ra7 Qe6 33. Kf2 (33. Rb7 $14) 33... Re4 $11 {The position is equal.} 34. Rb7 Qh6 35. h4 ({Wrong is} 35. Qxf5 $2 Rf8 $19) 35... Rce8 {[%cal Re4e3]} 36. Raa7 Rxe3 37. Rxg7+ Qxg7 38. Rxg7+ Kxg7 {[%mdl 4096] Endgame KQ-KRR} 39. Qb7+ R8e7 (39... Kf6 {seems wilder.} 40. Qb6+ Kg7 41. Qxb5 Rxe2+ 42. Qxe2 Rxe2+ 43. Kxe2 Kf6) 40. Qxb5 Rxe2+ 41. Qxe2 Rxe2+ 42. Kxe2 {KPP-KPP} Kf6 43. Kf3 Ke5 44. Ke3 h5 45. Kf3 $1 Ke6 46. Kf4 {Kg5 is the strong threat.} Kf6 {Accuracy: White = 58%, Black = 63%.} 1/2-1/2

[Event "Gibraltar Challengers A 2020"]
[Site "Caleta"]
[Date "2020.01.24"]
[Round "5.13"]
[White "Ungureanu, Sandu"]
[Black "Hari Charan Sai Kalluri"]
[Result "0-1"]
[WhiteElo "2066"]
[BlackElo "1836"]
[Annotator "NA RC"]
[PlyCount "136"]
[EventDate "2020.01.20"]
[EventType "swiss"]
[EventCountry "GGB"]
[SourceTitle "playchess.com"]
[Source "ChessBase"]
[SourceQuality "1"]
[TimeControl "6600+10"]

1. g3 {[%emt 0:00:00]} d5 {[%emt 0:00:00]} 2. c4 {[%emt 0:00:00]} c6 {[%emt 0:00:00]} 3. cxd5 {[%emt 0:00:02]} cxd5 {[%emt 0:00:00]} 4. Bg2 {[%emt 0:00:08]} Nc6 {[%emt 0:00:03]} 5. d4 {[%emt 0:00:16]} Nf6 {[%emt 0:00:06]} 6. Nf3 {[%emt 0:00:04]} e6 {[%emt 0:00:38]} 7. O-O {[%emt 0:00:09] D13: Slav Defence: Exchange variation without ...Bf5} Be7 {[%emt 0:00:29]} 8. Bg5 {[%emt 0:00:46]} Ne4 $146 {[%emt 0:01:03]} ({Predecessor:} 8... Qb6 9. b3 Bd7 10. Nc3 Ne4 11. Na4 Qa5 12. Bxe7 Kxe7 13. a3 b6 14. Qd3 Rac8 15. Rfc1 {0-1 (71) Azmaiparashvili,Z (2673)-Bareev,E (2702) Shenyang 2000}) 9. Bxe7 {[%emt 0:00:24]} Qxe7 {[%emt 0:00:04]} 10. a3 {[%emt 0:00:56]} O-O {[%emt 0:00:23]} 11. Nbd2 {[%emt 0:01:46]} f5 {[%emt 0:04:36]} 12. e3 {[%emt 0:03:17]} Qd6 {[%emt 0:00:44]} 13. b4 {[%emt 0:00:37]} a6 {[%emt 0:01:02]} 14. Qb3 {[%emt 0:05:37]} Bd7 {[%emt 0:01:49]} 15. Qb2 {[%emt 0:00:00]} Rac8 {[%emt 0:04:45]} 16. Rac1 {[%emt 0:00:00]} h6 {[%emt 0:04:51]} 17. Rc2 {[%emt 0:01:11]} g5 {[%emt 0:05:16]} 18. Rfc1 {[%emt 0:00:59]} g4 {[%emt 0:04:11]} 19. Nxe4 {[%emt 0:03:01]} fxe4 {[%emt 0:02:06]} 20. Nd2 {[%emt 0:04:35]} h5 {[%emt 0:04:15]} 21. Nb3 {[%emt 0:00:58]} b6 {[%emt 0:00:17]} 22. Bf1 {[%emt 0:00:09]} a5 {[%emt 0:12:24]} 23. Ba6 $2 {[%emt 0:04:18]} (23. bxa5 $16 {and life is bright.} Nxa5 24. Rxc8 Bxc8 25. Nxa5 bxa5 26. Rc5) 23... Rb8 {[%emt 0:00:16]} 24. b5 {[%emt 0:04:28]} Ne7 {[%emt 0:01:55]} 25. Rc7 {[%emt 0:01:56]} Nf5 {[%emt 0:01:50]} 26. Ra7 {[%emt 0:02:54]} Rf7 {[%emt 0:13:27]} 27. Rcc7 {[%emt 0:01:48]} h4 {[%emt 0:00:27]} 28. Nc5 $1 {[%emt 0:03:18]} Rd8 {[%emt 0:00:59]} 29. Nxd7 {[%emt 0:01:25]} hxg3 {[%emt 0:08:50]} 30. hxg3 {[%emt 0:02:34]} Rfxd7 {[%emt 0:10:29]} 31. Rxd7 {[%emt 0:06:01]} Rxd7 {[%emt 0:00:18]} 32. Rxd7 {[%emt 0:02:04]} Qxd7 {[%emt 0:00:01]} 33. Qe2 {[%emt 0:00:26]} Nh6 {[%emt 0:08:38]} 34. Qc2 {[%emt 0:00:27]} Nf5 {[%emt 0:05:39]} 35. Qc6 {[%emt 0:00:30]} Qd6 {[%emt 0:00:23]} 36. a4 {[%emt 0:02:34]} Kf7 {[%emt 0:00:48]} 37. Kg2 {[%emt 0:00:26]} Qb4 {[%emt 0:04:04]} 38. Qc7+ {[%emt 0:00:49]} Kg6 {[%emt 0:01:49]} 39. Qf4 {[%emt 0:01:06]} Qxa4 {[%emt 0:00:21]} 40. Qxg4+ {[%emt 0:00:06]} Kf6 {[%emt 0:00:05]} 41. Qf4 {[%emt 0:00:11]} Qd1 {[%emt 0:04:01]} 42. Qe5+ {[%emt 0:00:48]} Ke7 {[%emt 0:00:26]} 43. Qc7+ {[%emt 0:01:50]} Kf8 {[%emt 0:00:38]} 44. Qd8+ {[%emt 0:00:22]} Kf7 {[%emt 0:00:06]} 45. Qh8 {[%emt 0:02:39]} Qf3+ {[%emt 0:00:15]} 46. Kg1 {[%emt 0:00:23]} a4 {[%emt 0:00:16]} 47. Bc8 {[%emt 0:00:22]} Ng7 {[%emt 0:00:47]} 48. Qd8 {[%emt 0:01:11]} Qd1+ {[%emt 0:00:02]} 49. Kg2 {[%emt 0:00:36]} a3 {[%emt 0:00:26]} 50. Qxb6 {[%emt 0:00:46]} Qf3+ {[%emt 0:00:22]} 51. Kg1 {[%emt 0:00:07]} Qd1+ {[%emt 0:00:20]} 52. Kh2 {[%emt 0:00:13]} Qc2 $2 {[%emt 0:00:27]} (52... Qf1 $19 {is more deadly.} 53. Qc7+ {[#]} Kg6 $1 {[%mdl 512]}) 53. Qa7+ {[%emt 0:00:42] [#]} Kg6 $1 {[%emt 0:00:11]} 54. Qxa3 {[%emt 0:00:42]} Qxf2+ {[%emt 0:00:44]} 55. Kh3 {[%emt 0:00:03]} Qf1+ {[%emt 0:00:17]} 56. Kh2 {[%emt 0:00:12]} Qe2+ {[%emt 0:00:07]} 57. Kg1 {[%emt 0:00:03] [#]} Qd1+ $19 {[%emt 0:00:19]} (57... Nf5 $142 $1 {[%mdl 512]} 58. Bxe6 Qe1+ {[%mdl 64] Double Attack} 59. Kg2 Nxe3+ 60. Qxe3 Qxe3 61. b6 Qxd4 62. Kh3 Qxb6 63. Bxd5 Kg5 64. Kg2 Kg4 65. Be6+ Qxe6 66. Kf2 e3+ 67. Ke2 Qe4 68. Kd1 Qc4 69. Ke1 Qa2 70. Kf1 Qf2#) 58. Kg2 {[%emt 0:00:41]} Qc2+ {[%emt 0:00:03]} 59. Kg1 {[%emt 0:00:20]} Qxc8 {[%emt 0:00:04]} 60. Qc5 {[%emt 0:00:15]} Qb8 {[%emt 0:00:09]} 61. b6 {[%emt 0:00:18]} Qxg3+ {[%emt 0:00:08] Double Attack} 62. Kf1 {[%emt 0:00:08]} Qf3+ {[%emt 0:00:02]} 63. Ke1 {[%emt 0:00:04]} Qxe3+ {[%emt 0:00:01]} 64. Kd1 {[%emt 0:00:07]} Qd3+ {[%emt 0:00:10]} 65. Kc1 {[%emt 0:00:05]} e3 {[%emt 0:00:37]} 66. Qc2 {[%emt 0:00:10]} Qxc2+ {[%emt 0:00:03]} 67. Kxc2 {[%emt 0:00:06]} Nf5 {[%emt 0:00:00]} 68. Kd3 {[%emt 0:00:33]} Nd6 {[%emt 0:00:01]} 0-1

[Event "Gibraltar Challengers A 2020"]
[Site "Caleta"]
[Date "2020.01.24"]
[Round "5.14"]
[White "Cannon, Richard J"]
[Black "Oragwu, Chukwunonso"]
[Result "0-1"]
[WhiteElo "1990"]
[BlackElo "2220"]
[Annotator "TA"]
[PlyCount "96"]
[EventDate "2020.01.20"]
[EventType "swiss"]
[EventCountry "GGB"]
[SourceTitle "playchess.com"]
[Source "ChessBase"]
[SourceQuality "1"]

{[%evp 21,96,25,54,4,54,-13,-21,-12,0,-11,27,-11,32,4,15,0,20,0,7,0,0,0,0,0,8,0,0,-23,-11,-30,-19,-17,-28,-31,-14,-15,-15,-19,-8,-6,-2,-2,122,125,202,0,0,0,0,0,0,0,4,-790,0,-786,-777,-29989,-29990,-29990,-29991,-29991,-29990,-29990,-29991,-29991,-29992,-29992,-29993,-29995,-29995,-29995,-1978,-1862,-1807,-1516,-1450]} 1. e4 c5 2. Nf3 Nc6 3. d4 cxd4 4. Nxd4 g6 5. Nc3 Bg7 6. Be3 Nf6 7. Be2 O-O 8. O-O d6 9. Nb3 a5 10. a4 Be6 11. Nd4 Bd7 12. h3 $146 {B74: Sicilian Dragon: Classical System with 9 Nb3} ({Predecessor:} 12. Ndb5 Qc8 13. Bb6 Rb8 14. Rb1 Be6 15. f3 Nd7 16. Bf2 Nb4 17. Rc1 Nc5 18. Na7 Qd8 19. Nab5 Bd7 {1-0 (44) Beres,D (2088)-Lancz,O (2068) Slovakia 2017}) 12... Rc8 13. Nxc6 (13. Ndb5 $14) 13... Bxc6 $11 14. Bf3 {The position is equal.} Qc7 15. Qd2 Rfd8 16. Rfd1 b6 17. Ra3 Rb8 18. Bg5 Re8 19. Nd5 Bxd5 20. exd5 Nd7 21. c3 Ne5 22. Be2 Nc4 23. Bxc4 $1 Qxc4 24. Re1 Rb7 25. f3 b5 26. Re4 Qc7 27. Rb3 bxa4 28. Rxb7 Qxb7 29. Rxa4 Rb8 30. b4 Qc7 31. bxa5 Rb1+ (31... Bxc3 $11 32. Qc1 Qc5+ 33. Kh1 Qb5) 32. Kh2 $16 h6 (32... Be5+ $16 33. f4 Bxc3) 33. Bxh6 $2 ({White should try} 33. Bf4 $18) 33... Bxh6 $11 34. Qxh6 {Intending Rh4 and mate.} Qxc3 $18 {[%mdl 4096] Endgame KQR-KQR} 35. Qf4 Qe1 $36 {[%mdl 2048] White must now prevent ...Qg1+. Black is more active.} 36. Qd4 {Threatens to win with a6.} ({Don't blunder} 36. Re4 $2 Qh1+ 37. Kg3 Rb2 $19) 36... Rd1 37. Qb6 $2 {[%mdl 8192] [#]} ({Don't go for} 37. Qe4 $2 Qg1+ 38. Kg3 Rd2 $19) (37. Qb4 $11 Qf2 38. Qb6 (38. a6 $2 Rg1 $19) 38... Qxb6 39. axb6) 37... Qh1+ $1 $19 38. Kg3 {[#] Strongly threatening Qb8+.} Rd2 $1 39. Rg4 Rxg2+ 40. Kf4 Qh2+ 41. Ke3 Re2+ 42. Kd3 Rd2+ 43. Kc4 Qe2+ {[%mdl 64] Double Attack} 44. Kb4 Rb2+ {[%mdl 64] Skewer} 45. Kc3 Qc2+ 46. Kd4 Rxb6 (46... Qd2+ $142 47. Kc4 Qc1+ 48. Kd4 Rd2+ 49. Ke4 Qc4+ {[%mdl 64] Double Attack} 50. Ke3 Re2#) 47. axb6 Qc5+ 48. Kd3 Qxd5+ {Accuracy: White = 22%, Black = 46%.} 0-1